Deutscher WM-Kader 2010 - Statistiken

Allgemein
  • Dieses Quiz wurde 2.264 mal gespielt
  • Das Durchschnittsergebnis liegt bei 16 aus 24
Antwortstatistiken
Position Name % Korrekt
Torwart Manuel Neuer
100%
Sturm Miroslav Klose
95%
Abwehr Philipp Lahm
94%
Mittelfeld Bastian Schweinsteiger
93%
Trainer Joachim "Jogi" Löw
93%
Sturm Lukas Podolski
90%
Abwehr Jerome Boateng
89%
Mittelfeld Thomas Müller
89%
Mittelfeld Mesut Özil
86%
Abwehr Per Mertesacker
83%
Mittelfeld Sami Khedira
81%
Mittelfeld Toni Kroos
77%
Sturm Mario Gomez
74%
Abwehr Arne Friedrich
62%
Torwart Jörg Butt
54%
Towart Tim Wiese
53%
Sturm Cacau
51%
Abwehr Holger Badstuber
37%
Mittelfeld Marcell Jansen
37%
Mittelfeld Piotr Trochowski
31%
Sturm Stefan Kießling
31%
Mittelfeld Marko Marin
25%
Abwehr Dennis Aogo
24%
Abwehr Serdar Tasci
20%
Keine übereinstimmenden Quizze gefunden
Verteilung der Resultate
Anzahl Personen mit jedem Resultat
Perzentil nach korrekt beantworteten Fragen
Ihre Resultats-Entwicklung
Sie haben dieses Quiz noch nicht gespielt